[Event "HUN-chT2 Asztalos 0910"]
[Site "Hungary"]
[Date "2010.03.21"]
[Round "8"]
[White "Papp, Peter"]
[Black "Sarmai, Zsolt"]
[Result "0-1"]
[WhiteElo "1538"]
[BlackElo "1775"]
[PlyCount "56"]
[EventDate "2009.11.08"]
[EventType "team-tourn"]
[EventRounds "11"]
[EventCountry "HUN"]
[SourceTitle "EXT 2011"]
[Source "ChessBase"]
[SourceDate "2010.11.26"]
[SourceVersion "1"]
[SourceVersionDate "2010.11.26"]
[SourceQuality "1"]
[WhiteTeam "Dombovar"]
[BlackTeam "Szekesfehervar"]
[WhiteTeamCountry "HUN"]
[BlackTeamCountry "HUN"]

1. Nf3 d5 2. g3 b6 3. d4 Bb7 4. Bg2 Nd7 5. 0-0 Ngf6 6. c4 e6 7. Nc3 Be7 8. Bf4 dxc4 9. Qa4 0-0 10. Qxc4 c5 11. dxc5 Bxc5 12. Qd3 Qe7 13. e4 e5 14. Be3 Rfd8 15. Bxc5 Nxc5 16. Qc2 Ba6 17. Rfe1 Bd3 18. Qc1 b5 19. b4 Ncxe4 20. Nxe4 Nxe4 21. Nd2 Rac8 22. Qd1 Bc2 23. Qe2 Rxd2 24. Qe3 Rc3 25. Bxe4 Rxe3 26. Rxe3 Bxe4 27. Rxe4 Rd4 28. Rc1 g6 0-1

[Event "HUN-ch U14"]
[Site "Balatonlelle"]
[Date "2009.07.02"]
[Round "6"]
[White "Sarmai, Zsolt"]
[Black "Hajas, Tamas"]
[Result "1/2-1/2"]
[WhiteElo "1775"]
[BlackElo "1767"]
[PlyCount "69"]
[EventDate "2009.06.27"]
[EventType "swiss"]
[EventRounds "9"]
[EventCountry "HUN"]
[SourceTitle "EXT 2011"]
[Source "ChessBase"]
[SourceDate "2010.11.26"]
[SourceVersion "1"]
[SourceVersionDate "2010.11.26"]
[SourceQuality "1"]

1. e4 c6 2. d4 d5 3. e5 Bf5 4. Nf3 e6 5. Be2 Ne7 6. 0-0 h6 7. Bd2 Nd7 8. b4 Bg6 9. Nh4 Bh7 10. f4 Nf5 11. Nxf5 Bxf5 12. Kh1 Qb6 13. c3 Be7 14. a4 a5 15. b5 0-0 16. Be3 c5 17. Bd3 Bxd3 18. Qxd3 cxd4 19. cxd4 Rfc8 20. Na3 Rc7 21. Rac1 Rac8 22. Rc2 Bxa3 23. Rxc7 Qxc7 24. Qxa3 Nb6 25. Rc1 Nc4 26. Qc3 b6 27. Qb3 Qd7 28. Kg1 Rc7 29. Kf2 Qc8 30. Qc3 Qd7 31. g3 Rc8 32. Qb3 g6 33. Rc3 Kg7 34. Rc1 h5 35. h3 1/2-1/2

[Event "HUN-ch U14"]
[Site "Balatonlelle"]
[Date "2009.07.01"]
[Round "5"]
[White "Egresi, Kristof"]
[Black "Sarmai, Zsolt"]
[Result "1/2-1/2"]
[WhiteElo "1700"]
[BlackElo "1775"]
[PlyCount "34"]
[EventDate "2009.06.27"]
[EventType "swiss"]
[EventRounds "9"]
[EventCountry "HUN"]
[SourceTitle "EXT 2011"]
[Source "ChessBase"]
[SourceDate "2010.11.26"]
[SourceVersion "1"]
[SourceVersionDate "2010.11.26"]
[SourceQuality "1"]

1. d4 Nf6 2. c4 e6 3. Nf3 d5 4. Nc3 c6 5. e3 Nbd7 6. Bd3 dxc4 7. Bxc4 Be7 8. 0-0 0-0 9. Bd2 Bd6 10. Qc2 e5 11. dxe5 Bxe5 12. Rad1 Qe7 13. Bb3 h6 14. Nxe5 Nxe5 15. Ne4 Ned7 16. Nxf6+ Nxf6 17. a3 a5 1/2-1/2

[Event "HUN-ch U14"]
[Site "Balatonlelle"]
[Date "2009.06.28"]
[Round "2"]
[White "Sarmai, Zsolt"]
[Black "Kornyei, David"]
[Result "1/2-1/2"]
[WhiteElo "1775"]
[BlackElo "1619"]
[PlyCount "41"]
[EventDate "2009.06.27"]
[EventType "swiss"]
[EventRounds "9"]
[EventCountry "HUN"]
[SourceTitle "EXT 2011"]
[Source "ChessBase"]
[SourceDate "2010.11.26"]
[SourceVersion "1"]
[SourceVersionDate "2010.11.26"]
[SourceQuality "1"]

1. e4 e5 2. Nf3 Nc6 3. Bb5 d6 4. d4 Bd7 5. 0-0 Nf6 6. Re1 exd4 7. Nxd4 Nxd4 8. Bxd7+ Qxd7 9. Qxd4 Be7 10. e5 dxe5 11. Qxe5 0-0-0 12. Nc3 Rhe8 13. Be3 Bd6 14. Qa5 a6 15. h3 h6 16. Rad1 Qc6 17. Na4 Re5 18. Bc5 Rg5 19. g3 Bxg3 20. Rxd8+ Kxd8 21. Be7+ 1/2-1/2

[Event "HUN-chT U18"]
[Site "Miskolc"]
[Date "2008.10.30"]
[Round "7.7"]
[White "Sarmai, Zsolt"]
[Black "Csonka, Balazs"]
[Result "0-1"]
[WhiteElo "1744"]
[BlackElo "1975"]
[PlyCount "66"]
[EventDate "2008.10.27"]
[EventType "team-swiss"]
[EventRounds "8"]
[EventCountry "HUN"]
[SourceTitle "EXT 2016"]
[Source "ChessBase"]
[SourceDate "2015.10.08"]
[SourceVersion "1"]
[SourceVersionDate "2015.10.08"]
[SourceQuality "1"]

1. e4 e6 2. d4 d5 3. Nc3 Nf6 4. Bg5 Bb4 5. e5 h6 6. Bd2 Bxc3 7. bxc3 Ne4 8. Bd3 Nxd2 9. Qxd2 c5 10. Nf3 Nc6 11. 0-0 c4 12. Be2 Bd7 13. g3 Qe7 14. Rfb1 b6 15. Nh4 g5 16. Ng2 0-0-0 17. Rf1 h5 18. f4 g4 19. Nh4 Rdg8 20. a3 f5 21. Kf2 Qf8 22. Rfb1 Ne7 23. Qe3 Ng6 24. a4 Qe7 25. Ng2 h4 26. Bf1 hxg3+ 27. hxg3 Rh2 28. Ke1 Bc6 29. a5 b5 30. Rb4 Rgh8 31. Kd2 Rh1 32. Rbb1 R8h2 33. Rb2 Rxg2+ 0-1

[Event "HUN-chT U18"]
[Site "Miskolc"]
[Date "2008.10.29"]
[Round "5.12"]
[White "Sarmai, Zsolt"]
[Black "Benedeczky, Lehel"]
[Result "1/2-1/2"]
[WhiteElo "1744"]
[BlackElo "1631"]
[PlyCount "57"]
[EventDate "2008.10.27"]
[EventType "team-swiss"]
[EventRounds "8"]
[EventCountry "HUN"]
[SourceTitle "EXT 2016"]
[Source "ChessBase"]
[SourceDate "2015.10.08"]
[SourceVersion "1"]
[SourceVersionDate "2015.10.08"]
[SourceQuality "1"]

1. d4 d5 2. c4 e6 3. Nc3 Nf6 4. Bg5 c6 5. e3 Nbd7 6. Nf3 Bb4 7. Qb3 Qa5 8. Bd3 Ne4 9. Bxe4 dxe4 10. Ne5 Bxc3+ 11. Qxc3 Qxc3+ 12. bxc3 Nb6 13. c5 Nd5 14. Nc4 f6 15. Bh4 Nxc3 16. Nd6+ Ke7 17. Kd2 Nd5 18. Nxe4 b6 19. Rhc1 b5 20. Bg3 a5 21. Nc3 Nxc3 22. Kxc3 Kd7 23. a3 Ba6 24. Bd6 g5 25. g3 f5 26. f4 g4 27. Rh1 h5 28. h4 Rhe8 29. Rhb1 1/2-1/2